UBT Library

A first course in abstract algebra / (Record no. 42012)

000 -LEADER
fixed length control field 00807pam a2200253 a 4500
001 - CONTROL NUMBER
control field 2994850
005 - DATE AND TIME OF LATEST TRANSACTION
control field 20180207070455.0
008 - FIXED-LENGTH DATA ELEMENTS--GENERAL INFORMATION
fixed length control field 930430s1994 maua b 001 0 eng
010 ## - LIBRARY OF CONGRESS CONTROL NUMBER
LC control number 93001997
020 ## - INTERNATIONAL STANDARD BOOK NUMBER
International Standard Book Number 0201534673
040 ## - CATALOGING SOURCE
Original cataloging agency DLC
Transcribing agency DLC
Modifying agency DLC
041 ## - LANGUAGE CODE
Language code of text/sound track or separate title eng
080 ## - UNIVERSAL DECIMAL CLASSIFICATION NUMBER
Universal Decimal Classification number 512.02 FRA
082 00 - DEWEY DECIMAL CLASSIFICATION NUMBER
Classification number 512.02 FRA
Edition number 20
082 00 - DEWEY DECIMAL CLASSIFICATION NUMBER
Edition number 512.02 FRA
100 1# - Rafti
Rafti 36
101 ## - Shkurtesa
Shkurtesa MAT
245 12 - TITLE STATEMENT
Title A first course in abstract algebra /
Statement of responsibility, etc John B. Fraleigh ; historical notes by Victor Katz.
504 ## - BIBLIOGRAPHY, ETC. NOTE
Bibliography, etc Includes bibliographical references (p. 515-517) and index.
740 0# - ADDED ENTRY--UNCONTROLLED RELATED/ANALYTICAL TITLE
Uncontrolled related/analytical title Abstract algebra.
906 ## - LOCAL DATA ELEMENT F, LDF (RLIN)
a 7
b cbc
c orignew
d 1
e ocip
f 19
g y-gencatlg
942 ## - ADDED ENTRY ELEMENTS (KOHA)
Source of classification or shelving scheme
Item type Books
Holdings
Withdrawn status Lost status Source of classification or shelving scheme Damaged status Not for loan Collection code Permanent location Current location Shelving location Date acquired Total Checkouts Full call number Barcode Date last seen Price effective from Koha item type
          Koleksioni i përgjithshem UBT - Lipjan UBT - Lipjan Koleksioni i përgjithshem 02/07/2018   512.02 FRA 002-2999045 02/07/2018 02/07/2018 Books
UBT Library © 2015-2024. All rights reserved University Education for Business and Technology